000 00634cam a22002175a 4500
001 L143225
008 080417s1971 xxk f 000 0 eng d
020 _a071340521X
035 _a(Sirsi) u143225
041 0 _aeng
050 0 4 _a690 $2 18
100 1 _aFoster, Jack Stroud
245 0 0 _aStructure and Fabric
_bpart 1
250 _aReprinted 1975
260 _aLondon
_bB. T. Batsford
_c1971
300 _a264p.
_bill.
_c25cm.
490 0 _aMitchell's Building Construction
651 4 _aUnited Kingdom
690 _aBUILT ENVIRONMENT-BUILDING ELEMENTS-PARTS OF BUILDING ELEMENTS-CARCASS, STRUCTURE AND FABRIC
942 _n0
999 _c108111
_d108111